000 00749nam a2200289Ia 4500
005 20260324140731.0
008 008 260324s9999 xx 000 0 eng d
020 _a9780429175862
037 _aEBOOK
040 _aCRL
040 _beng
040 _cCRL
041 _2eng
041 _aeng
084 _qCRL
100 _aG.R Tomlinson; W.A Bullough
_91205533
245 0 _aSmart Materials and Structures
245 0 _bProceedings of the 4th European and 2nd MIMR Conference, Harrogate, UK, 6-8 July 1998
260 _bTaylor and Francis
260 _c1998
365 _a
365 _b1200
856 _uhttp://www.taylorfrancis.com/books/9780429175862
942 _cEBOOK
999 _c1807893
_d1807893